United Kingdom Geography by Letter J - Picture Quiz - Statistics

General Stats
  • This quiz has been taken 192 times
    160 since last reset
  • The average score is 8 of 15
Answer Stats
Picture Hint Answer % Correct
London Park St. {James's}
90%
Crown Dependancy Jersey
85%
Dinosaurs ! {Jurassic} Coast
84%
Twin Peaks The Paps of {Jura}
79%
Liverpool Airport {John} {Lennon}
76%
End of the road John O'Groats
73%
Derbyshire Path {Jacob's} Ladder
72%
Famous Cornish Pub {Jamaica} Inn
53%
Town famous for a march Jarrow
53%
S.E.T.I. {Jodrell} Bank
47%
Scottish Border Town Jedburgh
34%
Yorkshire Brewery John Smith's
21%
Most Deprived Town Jaywick
19%
Overseas Territory Capital Jamestown
17%
Viking Settlement Jarlshof
2%
No matching quizzes found
Score Distribution
Percent of People with Each Score
Percentile by Number Answered
Your Score History
You have not taken this quiz since the last reset